Statistics for Premier League One Season Wonders

Click here to take the quiz!

General Stats

  • This quiz has been taken 42 times
  • The average score is 6 of 14

Answer Stats

Club/Season/NationAnswer% Correct
Arsenal/2008-09/RussiaAndrey Arshavin
92%
Manchester City/2008-09/BrazilRobinho
86%
Swansea City/2012-13/SpainMichu
75%
Newcaslte United/2011-12/SenegalPapiss Cisse
69%
Blackburn Rovers/2007-08/ParaguayRoque Santa Cruz
56%
Sunderland/2010-11/GhanaAsamoah Gyan
53%
Blackburn Rovers/2006-07/South AfricaBenni McCarthy
44%
Spurs/2005-06/EgyptMido
44%
Crystal Palace/2004-05/EnglandAndy Johnson
33%
Portsmouth/2007-08/ZimbabweBenjani
31%
Wigan Athletic/2008-09/EgyptAmr Zaki
22%
Ipswich Town/2000-01/EnglandMarcus Stewart
19%
Bolton Wanderers/2001-02/EnglandMichael Ricketts
14%
Blackburn Rovers/2003-04/EnglandJon Stead
8%

Score Distribution

Percentile by Number Answered

Percent of People with Each Score

Your Score History

You have not taken this quiz